| 000 | 00482nam a2200181Ia 4500 | ||
|---|---|---|---|
| 003 | LDD | ||
| 008 | 181101s9999 xx 000 0 und d | ||
| 020 |
_a9788175878419 _c121.00 |
||
| 040 | _cLDD | ||
| 100 | _aFarooqi, Shamsur Rahman | ||
| 245 | 0 |
_aTuhfatus suroor _cShamsur Rahman Farooqi |
|
| 260 | _c2012 | ||
| 300 | _a252p. | ||
| 901 |
_a15921 _b17-03-2017 |
||
| 902 |
_a2841 _b17-03-2017 _cF _dPIBD _e8U |
||
| 903 |
_a20 _bReqst by : Moh.Akbar |
||
| 942 |
_2ddc _cUR |
||
| 999 |
_c426 _d426 |
||